Statistics for Lucy Liu Filmography

Click here to take the quiz!

General Stats

  • This quiz has been taken 37 times
    (6 since last reset)
  • The average score is 44 of 142

Answer Stats

TypeYearName% Correct
Video Game2003Charlie's Angels
100%
Film2000Charlie's Angels
100%
Film2003Charlie's Angels: Full Throttle
100%
Film2003Kill Bill: Volume 1
83%
Film2023Shazam! Fury of the Gods
83%
TV Show1998-2002Ally McBeal
67%
Film2002Chicago
67%
TV Show2012-2019Elementary
67%
Film2008Kung Fu Panda
67%
Film2011Kung Fu Panda 2
67%
Film2016Kung Fu Panda 3
67%
Film2020Mulan
67%
Film2004Mulan II
67%
Film2012Secret of the Wings
67%
Film2008Tinker Bell
67%
TV Show1995ER
50%
TV Short2010Kung Fu Panda Holiday
50%
Short Film2016Kung Fu Panda: Secrets of the Scroll
50%
Film2006Lucky Number Slevin
50%
TV Show1996-1997Pearl
50%
TV Short2011Pixie Hollow Games
50%
Web Series2021Star Wars: Visions
50%
Film2022Strange World
50%
Film2014The Pirate Fairy
50%
TV Show2005The Simpsons
50%
Film2014The Tale of the Princess Kaguya
50%
Film2010Tinker Bell and the Great Fairy Rescue
50%
Film2009Tinker Bell and the Lost Treasure
50%
TV Show2007Ugly Betty
50%
TV Film2009Afro Samurai: Resurrection
33%
Director2023American Born Chinese
33%
TV Show2018Animals.
33%
Film2002Ballistic: Ecks vs. Sever
33%
Film1995Bang
33%
TV Show2008Ben & Izzy
33%
Film1997City of Industry
33%
TV Show2021Curb Your Enthusiasm
33%
Web Special2021Death to 2021
33%
TV Show1997Dellaventura
33%
TV Show2008-2009Dirty Sexy Money
33%
Film2005Domino
33%
TV Show2001, 2002Futurama
33%
Film2018Future World
33%
TV Show2004Game Over
33%
Film1997Gridlock'd
33%
Film1997Guy
33%
TV Show1995Hercules: The Legendary Journeys
33%
TV Show1995Home Improvement
33%
Film2001Hotel
33%
TV Show1994Hotel Malibu
33%
TV Show2004Jackie Chan Adventures
33%
Film1996Jerry Maguire
33%
TV Show2002King of the Hill
33%
Film2024Kung Fu Panda 4
33%
TV Show2011-2016Kung Fu Panda: Legends of Awesomeness
33%
Director2019Law & Order: Special Victims Unit
33%
TV Film2008Little Spirit: Christmas in New York
33%
Film1998Love Kills
33%
TV Show2000MADtv
33%
TV Mini-Series2010Marry Me
33%
Director2018Marvel's Luke Cage
33%
TV Show1997Michael Hayes
33%
TV Special2017Michael Jackson's Halloween
33%
Film1999Molly
33%
TV Show1996Nash Bridges
33%
TV Show1997NYPD Blue
33%
Film1999Payback
33%
TV Short2013Pixie Hollow Bake Off
33%
Film1999Play It to the Bone
33%
Documentary2009Redlight
33%
TV Film1997Riot
33%
Film2007Rise: Blood Hunter
33%
TV Show2000Saturday Night Live
33%
Web Series2021Scooby-Doo and Guess Who?
33%
TV Show2017Sesame Street
33%
TV Show2001Sex and the City
33%
Film2000Shanghai Noon
33%
Video Game2012Sleeping Dogs
33%
TV Show2012Southland
33%
Video Game2001SSX Tricky
33%
Film2020Stage Mother
33%
Film2012The Man with the Iron Fists
33%
TV Show1997The Real Adventures of Jonny Quest
33%
TV Show1996The X-Files
33%
Film2014Tinker Bell and the Legend of the NeverBeast
33%
Film1999True Crime
33%
Web Series2019Why Women Kill
33%
Film20053 Needles
17%
Web Mini-Series2023A Man in Full
17%
TV Show1991Beverly Hills, 90210
17%
TV Show2008Cashmere Mafia
17%
TV Show2005Clifford's Puppy Days
17%
TV Show1994Coach
17%
Film2007Code Name: The Cleaner
17%
Film2002Cypher
17%
Film2011Detachment
17%
Web Series2017Difficult People
17%
Film1997Flypaper
17%
TV Show2016Girls
17%
Theater2009-2010God of Carnage
17%
Director2015Graceland
17%
TV Show1996High Incident
17%
Commercial2005Intel
17%
TV Show2004, 2005Joey
17%
TV Show1993L.A. Law
17%
Film2014Magic Wonderland
17%
TV Show2004-2006Maya & Miguel
17%
Director2011Meena
17%
Theater1990Miss Saigon
17%
Director2020New Amsterdam
17%
Film2010Nomads
17%
Commercial2007OnStar
17%
Short Film1993Protozoa
17%
Documentary2019QT8: The First Eight
17%
Film2023Red One
17%
Commercial2000Revlon
17%
Film1992Rhythm of Destiny
17%
Commercial2004SBC Internet Service
17%
Film2018Set It Up
17%
Film2011Someday This Pain Will Be Useful to You
17%
Commercial2004Suntory Diet Nama Beer
17%
Film1999The Mating Habits of the Earthbound Human
17%
Film2011The Trouble with Bliss
17%
Film2008The Year of Getting to Know Us
17%
Film2007Watching the Detectives
17%
Short Film2013A Holmes of Their Own
0%
Documentary Series2020A World of Calm
0%
TV Show2003Bo' Selecta!
0%
Web Series2023Exploding Kittens
0%
Theater2004Good Canary
0%
Short Film2013Holmes Sweet Holmes
0%
Short Film2013In Liu of Watson
0%
Web SeriesTBAJentry Chau vs. The Underworld
0%
TV Show2003Matthew's Best Hit TV
0%
Theater1992M. Butterfly
0%
Commercial2021Michelob ULTRA
0%
FilmTBANobody Nothing Nowhere
0%
TV Show2003Player$
0%
Short Film2013Set Tour with Lucy Liu
0%
TV Special2014The Huading Awards
0%
TV Special2009The Neighborhood Ball: An Inauguration Celebration
0%
Short Documentary2013The No Name Painting Association
0%

Score Distribution

Percentile by Number Answered

Percent of People with Each Score

Your Score History

You have not taken this quiz since the last reset